| 000 | 00454cam a2200193ua 4500 | ||
|---|---|---|---|
| 001 | 8888 | ||
| 005 | 20260515114409.0 | ||
| 008 | 150218n ii |||gr||||Z||||||eng | ||
| 040 | _cMAIN | ||
| 041 | _aeng | ||
| 082 | _a822 | ||
| 100 |
_aShaw, B., _eAuthor. |
||
| 245 | 1 |
_aCandida : _bMystery in three acts / _cBy Bernard Shaw . |
|
| 250 | _a1st. | ||
| 260 |
_aHyderabad: _bOrient, _c1992. |
||
| 300 | _a126p. | ||
| 653 | _aEnglish drama | ||
| 942 | _cBK | ||
| 999 |
_c7975 _d7975 |
||